|
|
|
|
| LEADER |
00000nab a2200000 a 4500 |
| 001 |
vtls000738642 |
| 003 |
SK-MaSNL |
| 005 |
20260304105403.0 |
| 008 |
250429c2000 xo 0 slo |
| 015 |
|
|
|a SNBRB2000/11-28988
|
| 035 |
|
|
|a CLN000090507
|
| 035 |
|
|
|a urn:nbn:sk:snk-abf3qs
|
| 035 |
|
|
|a (urnnbn)urn:nbn:sk:snk:ar-a09pi3
|
| 035 |
|
|
|a (uuid)aed55823-43e4-4421-930d-6807733b5cf5
|
| 040 |
|
|
|a SNKBUCL
|b slo
|c SNKBUCL
|e AACR2
|
| 041 |
0 |
|
|a slo
|
| 044 |
|
|
|a xo
|c SK
|
| 080 |
|
|
|a 621.89
|2 1997
|
| 080 |
|
|
|a 62.004.6
|2 1997
|
| 100 |
1 |
|
|a Stopka, Jozef
|4 aut
|9 279104
|
| 245 |
1 |
0 |
|a Nové trendy v hodnotení mazív v praxi
|c Jozef Stopka
|
| 504 |
|
|
|a Res. angl.
|
| 504 |
|
|
|a Bibliogr. odkazy
|
| 650 |
0 |
7 |
|a mazivá
|x diagnostika tribotechnická
|2 snkbucl
|9 1406656
|
| 650 |
0 |
7 |
|a diagnostika tribotechnická
|2 snkbucl
|9 937266
|
| 655 |
|
7 |
|a články z novín a časopisov
|2 snkbucl
|9 267496
|
| 773 |
0 |
|
|t Ropa, uhlie, plyn a petrochémia
|g Roč. 42, č. 3 (2000), s. 12-15
|x 1335-1141
|
| 850 |
|
|
|a Slovenská národná knižnica
|
| 852 |
|
|
|a Slovenská národná knižnica
|
| 958 |
|
|
|a article27
|
| 958 |
|
|
|a OND
|
| 958 |
|
|
|a NB
|
| 958 |
|
|
|a EUIPO
|
| 999 |
|
|
|c 2855464
|d 2857394
|